[Event "8th EUR-ch"]
[Site "Dresden GER"]
[Date "2007.04.12"]
[Round "9.145"]
[White "Zude, Erik"]
[Black "Eichner, Sebastian"]
[Result "0-1"]
[WhiteElo "2401"]
[BlackElo "2286"]
[EventDate "2007.04.03"]
[PlyCount "72"]

1.e4 e6 2.d4 d5 3.Nc3 Nf6 4.e5 Nfd7 5.f4 c5 6.Nf3 Nc6 7.Be3 a6 8.Be2 b5 9.
a3 Qb6 10.Qd2 cxd4 11.Nxd4 Bc5 12.Rd1 Bb7 13.Ne4 Bxd4 14.Nd6+ Ke7 15.Bxd4 
Qxd4 16.Qxd4 Nxd4 17.Rxd4 Bc6 18.Rd3 Rab8 19.Rc3 Rb6 20.Re3 g5 21.Rf1 gxf4
22.Rxf4 f6 23.Nf5+ exf5 24.exf6+ Kd8 25.f7 Rf8 26.Rxf5 d4 27.Re6 Bxg2 28.
Rff6 Rxf7 29.Rxf7 Rxe6 30.Kd2 Be4 31.Bg4 Re7 32.Rf4 Kc7 33.b3 Kd6 34.h3 
Ke5 35.Rf2 Nf6 36.Bc8 Rc7 0-1

[Event "8th EUR-ch"]
[Site "Dresden GER"]
[Date "2007.04.12"]
[Round "9.146"]
[White "Richter, Michael"]
[Black "Asauskas, Henrikas"]
[Result "1-0"]
[WhiteElo "2396"]
[BlackElo "2264"]
[EventDate "2007.04.03"]
[PlyCount "135"]

1.d4 Nf6 2.Nf3 g6 3.g3 Bg7 4.Bg2 O-O 5.O-O c5 6.c4 cxd4 7.Nxd4 Nc6 8.Nc3 
h5 9.c5 h4 10.Nb3 b6 11.Bg5 hxg3 12.hxg3 Ba6 13.Qd2 Rc8 14.Rad1 Nb8 15.
cxb6 axb6 16.Rfe1 d6 17.Rc1 Nbd7 18.Nd4 d5 19.Nxd5 Rxc1 20.Rxc1 Nxd5 21.
Nc6 Qe8 22.Qxd5 e6 23.Qd2 Kh7 24.Bf3 Ne5 25.Nxe5 Bxe5 26.Qb4 Bb5 27.Qh4+ 
Kg8 28.Kg2 f5 29.Rh1 Rf7 30.Qb4 Ra7 31.Rd1 Ra4 32.Qb3 Rd4 33.Rxd4 Bxd4 34.
Be3 Bxe3 35.Qxe3 e5 36.Bd5+ Kg7 37.Qxb6 Bxe2 38.Qc7+ Kh6 39.Qc2 Kg7 40.
Qc7+ Kh6 41.Qc6 Qd8 42.Qa8 Qf6 43.Bf3 Bd3 44.Qc6 Qe7 45.Qc3 Ba6 46.a4 Kh7 
47.Bd5 e4 48.Qc6 Qe5 49.Qe6 Qd4 50.Qg8+ Kh6 51.Bf7 Qf6 52.Qf8+ Kg5 53.Qg8 
Be2 54.b4 Bh5 55.Qe8 Bf3+ 56.Kh2 Qa1 57.Qe7+ Kh6 58.Qf8+ Kg5 59.Qe7+ Kh6 
60.g4 Qh1+ 61.Kg3 Qg2+ 62.Kf4 Qh2+ 63.Ke3 f4+ 64.Kd4 Qxf2+ 65.Ke5 Bxg4 66.
Qf8+ Kg5 67.Qd8+ Kh6 68.Qh8+ 1-0

[Event "8th EUR-ch"]
[Site "Dresden GER"]
[Date "2007.04.12"]
[Round "9.147"]
[White "Atakisi, Umut"]
[Black "Nagel, Bernhard"]
[Result "1-0"]
[WhiteElo "2392"]
[BlackElo "2257"]
[EventDate "2007.04.03"]
[PlyCount "98"]

1.e4 e6 2.d4 d5 3.Nd2 c5 4.Ngf3 cxd4 5.exd5 Qxd5 6.Bc4 Qd6 7.O-O Nf6 8.Nb3
Nc6 9.Nbxd4 Nxd4 10.Nxd4 a6 11.Bb3 Qc7 12.Qf3 Bd6 13.Kh1 O-O 14.Bg5 Nd7 
15.c3 b5 16.Rad1 Bb7 17.Qh3 Nc5 18.Bc2 Be4 19.Bxe4 Nxe4 20.Nxe6 Nxf2+ 21.
Rxf2 fxe6 22.Qxe6+ Kh8 23.Rdf1 Rxf2 24.Rxf2 Qc5 25.Be3 Qe5 26.Qxe5 Bxe5 
27.g3 Kg8 28.Kg2 Rc8 29.Rd2 Kf7 30.Bd4 Bxd4 31.Rxd4 Ke6 32.Kf3 Rc7 33.Ke3 
Ke5 34.a4 bxa4 35.Rxa4 Rc6 36.Ra5+ Kd6 37.Kd4 Rb6 38.b4 Kc7 39.Rc5+ Kd7 
40.Kc4 Rf6 41.Kb3 g6 42.Ka4 Rf2 43.Ka5 Rxh2 44.Kxa6 Kd6 45.c4 Rc2 46.g4 h5
47.gxh5 gxh5 48.Kb5 Rh2 49.Rc6+ Kd7 1-0

[Event "8th EUR-ch"]
[Site "Dresden GER"]
[Date "2007.04.12"]
[Round "9.148"]
[White "Degtiarev, Evgeny"]
[Black "Zelbel, Patrick"]
[Result "1-0"]
[WhiteElo "2391"]
[BlackElo "2144"]
[EventDate "2007.04.03"]
[PlyCount "121"]

1.d4 Nf6 2.c4 e6 3.Nf3 d5 4.g3 Bb4+ 5.Bd2 Be7 6.Bg2 c6 7.O-O O-O 8.Qc2 b6 
9.Nc3 Bb7 10.Rad1 Qc8 11.Bg5 Nbd7 12.e4 dxe4 13.Nxe4 h6 14.Nxf6+ Nxf6 15.
Bc1 c5 16.Rfe1 cxd4 17.Nxd4 Bxg2 18.Kxg2 Rd8 19.b3 Qb7+ 20.f3 Rd7 21.Qe2 
Rad8 22.Nc2 Rxd1 23.Rxd1 Rxd1 24.Qxd1 Qd7 25.Qxd7 Nxd7 26.Nd4 Bc5 27.Nc6 
a5 28.f4 Bd6 29.Kf3 Kf8 30.Bb2 f6 31.Nd8 Nc5 32.Bd4 Ke7 33.Nc6+ Kd7 34.Na7
Be7 35.Ke3 Kc7 36.Kd2 Kb7 37.Nb5 Kc6 38.Kc2 Nd7 39.a3 g5 40.Be3 Nc5 41.b4 
axb4 42.axb4 Na6 43.Nd4+ Kd7 44.b5 Nc5 45.f5 exf5 46.Nxf5 Bf8 47.Bxc5 Bxc5
48.Kd3 Ke6 49.Ke4 h5 50.Ng7+ Kf7 51.Nxh5 Kg6 52.g4 f5+ 53.Kf3 f4 54.h4 Bd6
55.hxg5 Kxg5 56.Ng7 Be5 57.Ne6+ Kf6 58.Nxf4 Bd4 59.Ke4 Bf2 60.g5+ Ke7 61.
Ke5 1-0

[Event "8th EUR-ch"]
[Site "Dresden GER"]
[Date "2007.04.12"]
[Round "9.149"]
[White "Yaksin, Oleg"]
[Black "Strohhaeker, Raoul"]
[Result "1-0"]
[WhiteElo "2258"]
[BlackElo "2391"]
[EventDate "2007.04.03"]
[PlyCount "55"]

1.d4 Nf6 2.Nf3 c5 3.g3 cxd4 4.Nxd4 Nc6 5.Bg2 e5 6.Nb3 d5 7.O-O Be6 8.f4 
Qb6+ 9.Kh1 exf4 10.Bxf4 Be7 11.Nc3 Rd8 12.a4 Ng4 13.Nb5 Rd7 14.N3d4 Bf6 
15.Nxe6 fxe6 16.e4 Nf2+ 17.Rxf2 Qxf2 18.Qg4 e5 19.exd5 Ne7 20.Bh3 O-O 21.
Rf1 Qxc2 22.Bxe5 Rxd5 23.Bxf6 Nf5 24.Rxf5 Rd1+ 25.Bf1 Qc6+ 26.Kg1 Rxf6 27.
Rxf6 Qc5+ 28.Rf2 1-0

[Event "8th EUR-ch"]
[Site "Dresden GER"]
[Date "2007.04.12"]
[Round "9.150"]
[White "Moor, Roger"]
[Black "Logothetis, Sotirios"]
[Result "0-1"]
[WhiteElo "2385"]
[BlackElo "2221"]
[EventDate "2007.04.03"]
[PlyCount "71"]

1.c4 Nf6 2.g3 e6 3.Bg2 d5 4.Nf3 Be7 5.O-O O-O 6.b3 c5 7.e3 Nc6 8.Bb2 d4 9.
exd4 cxd4 10.Re1 Ne8 11.a3 a5 12.d3 f6 13.Nh4 g5 14.Nf3 e5 15.Re2 Ng7 16.
Nbd2 Bf5 17.Ne1 Qd7 18.Qc2 Ne6 19.Bd5 Kh8 20.Ng2 Nc5 21.Ne4 Bxe4 22.Bxe4 
Nxe4 23.Rxe4 Bc5 24.Rf1 Rae8 25.Qc1 Qh3 26.f3 f5 27.Re2 f4 28.g4 h5 29.
gxh5 Re6 30.Ne1 Ne7 31.Qd2 Nf5 32.b4 Ne3 33.Rg2 Nxg2 34.Nxg2 Be7 35.Rf2 g4
36.fxg4 0-1

[Event "8th EUR-ch"]
[Site "Dresden GER"]
[Date "2007.04.12"]
[Round "9.151"]
[White "Schmidt, Raul"]
[Black "Potapov, Pavel"]
[Result "1/2-1/2"]
[WhiteElo "2081"]
[BlackElo "2384"]
[EventDate "2007.04.03"]
[PlyCount "62"]

1.b3 e5 2.Bb2 Nc6 3.e3 d5 4.Bb5 f6 5.d4 exd4 6.Bxd4 a6 7.Bd3 Nxd4 8.exd4 
Be6 9.Ne2 Bd6 10.O-O Nh6 11.c4 c6 12.Re1 O-O 13.c5 Bc7 14.Qc2 f5 15.Nd2 
Qf6 16.f4 Ng4 17.Nf3 Qg6 18.Qc1 Nf6 19.Ne5 Qh6 20.b4 Ne4 21.a4 Qh4 22.Rf1 
Rad8 23.b5 axb5 24.axb5 Bxe5 25.dxe5 Qe7 26.bxc6 Qxc5+ 27.Qxc5 Nxc5 28.Nd4
bxc6 29.Ra5 Nxd3 30.Nxe6 Ra8 31.Rxa8 Rxa8 1/2-1/2

[Event "8th EUR-ch"]
[Site "Dresden GER"]
[Date "2007.04.12"]
[Round "9.152"]
[White "Lubbe, Nicolas"]
[Black "Zysk, Robert"]
[Result "1/2-1/2"]
[WhiteElo "2254"]
[BlackElo "2483"]
[EventDate "2007.04.03"]
[PlyCount "123"]

1.e4 Nf6 2.Nc3 e5 3.Bc4 Nc6 4.d3 Bb4 5.a3 Bxc3+ 6.bxc3 d6 7.Ne2 Be6 8.Bxe6
fxe6 9.f4 O-O 10.O-O d5 11.fxe5 Nxe5 12.Nd4 Qd7 13.Bg5 dxe4 14.Bxf6 gxf6 
15.dxe4 c5 16.Ne2 Qxd1 17.Raxd1 Kf7 18.Nf4 Ke7 19.Nd3 Nd7 20.Rfe1 Rac8 21.
e5 f5 22.Nf4 Rfd8 23.Rd3 Nf8 24.h4 Rxd3 25.cxd3 Ng6 26.Nxg6+ hxg6 27.Rb1 
b6 28.Kf2 Rd8 29.Ke3 Rd5 30.d4 cxd4+ 31.cxd4 Ra5 32.Rb3 Ra4 33.Rd3 Rc4 34.
Kf4 Kf7 35.g4 Rc1 36.gxf5 gxf5 37.Kg5 Rg1+ 38.Kh6 Rg4 39.h5 f4 40.Rc3 Rg3 
41.Rc7+ Ke8 42.Rxa7 f3 43.Ra8+ Kd7 44.Rf8 Kc6 45.Rf4 Kd5 46.a4 Kc4 47.Kh7 
Kd3 48.d5 Ke3 49.dxe6 Kxf4 50.e7 f2 51.e8=Q Rf3 52.Qf7+ Kg3 53.Qg6+ Kh2 
54.Qb1 f1=Q 55.Qxf1 Rxf1 56.Kg6 Rg1+ 57.Kf6 Rf1+ 58.Kg6 Rg1+ 59.Kf7 Rf1+ 
60.Kg7 Rg1+ 61.Kf7 Rf1+ 62.Kg6 1/2-1/2

[Event "8th EUR-ch"]
[Site "Dresden GER"]
[Date "2007.04.12"]
[Round "9.153"]
[White "Marzolo, Cyril"]
[Black "Lorscheid, Gerhard"]
[Result "1-0"]
[WhiteElo "2459"]
[BlackElo "2302"]
[EventDate "2007.04.03"]
[PlyCount "59"]

1.d4 Nf6 2.c4 g6 3.Nc3 Bg7 4.e4 d6 5.Nf3 O-O 6.Be2 c5 7.d5 e6 8.O-O Re8 9.
Qc2 Na6 10.a3 Nc7 11.Bg5 h6 12.Bh4 exd5 13.cxd5 Bg4 14.h3 Bxf3 15.Bxf3 Qd7
16.Be2 h5 17.f4 Nh7 18.e5 dxe5 19.f5 e4 20.fxg6 fxg6 21.Nxe4 Kh8 22.Nxc5 
Qxd5 23.Bf3 Qg8 24.Kh1 Nf8 25.Rad1 Nce6 26.Nxb7 Nd4 27.Rxd4 Bxd4 28.Nd6 
Red8 29.Bxa8 Rxa8 30.Qe4 1-0

[Event "8th EUR-ch"]
[Site "Dresden GER"]
[Date "2007.04.12"]
[Round "9.154"]
[White "Graf, Felix"]
[Black "Fernandes, Antonio"]
[Result "0-1"]
[WhiteElo "2262"]
[BlackElo "2448"]
[EventDate "2007.04.03"]
[PlyCount "68"]

1.d4 Nf6 2.c4 g6 3.Nc3 Bg7 4.e4 d6 5.f3 O-O 6.Be3 a6 7.Nge2 Nc6 8.Qd2 Rb8 
9.Rc1 Bd7 10.Nd1 Re8 11.Nf2 b5 12.c5 dxc5 13.Rxc5 e5 14.d5 Ne7 15.f4 Nc8 
16.Ng3 Nd6 17.Bd3 exf4 18.Bxf4 Nfxe4 19.Bxe4 f5 20.O-O fxe4 21.Bg5 e3 22.
Bxe3 Nc4 23.Rxc4 bxc4 24.Bd4 Qe7 25.Nfe4 Rf8 26.Rxf8+ Qxf8 27.Qc3 Bxd4+ 
28.Qxd4 Qg7 29.Qxc4 Bb5 30.Qc5 Qxb2 31.h4 Qe5 32.Qa7 Re8 33.d6 cxd6 34.Ng5
Qe3+ 0-1

[Event "8th EUR-ch"]
[Site "Dresden GER"]
[Date "2007.04.12"]
[Round "9.155"]
[White "Startsev, Vladimir"]
[Black "Loeffler, Stefan"]
[Result "0-1"]
[WhiteElo "2248"]
[BlackElo "2448"]
[EventDate "2007.04.03"]
[PlyCount "46"]

1.Nf3 c5 2.e3 d5 3.c4 d4 4.b4 Nf6 5.bxc5 Nc6 6.d3 e5 7.g3 e4 8.dxe4 Nxe4 
9.Bg2 Bxc5 10.O-O O-O 11.Ne1 Bf5 12.Nd3 Bb6 13.Bb2 Rc8 14.Na3 Re8 15.Rc1 
Qe7 16.Nf4 Nc3 17.Bxc3 Qxa3 18.Bd2 Qxa2 19.c5 Bc7 20.Bd5 Qa3 21.Ra1 Qxc5 
22.Qb3 Qe7 23.Qxb7 Bxf4 0-1

[Event "8th EUR-ch"]
[Site "Dresden GER"]
[Date "2007.04.12"]
[Round "9.156"]
[White "Berg, Klaus"]
[Black "Nagatz, Frank"]
[Result "1-0"]
[WhiteElo "2434"]
[BlackElo "2276"]
[EventDate "2007.04.03"]
[PlyCount "151"]

1.Nf3 d5 2.d4 c6 3.c4 Nf6 4.e3 Bf5 5.Nc3 e6 6.Nh4 Bg6 7.Nxg6 hxg6 8.g3 
Nbd7 9.Qe2 dxc4 10.Qxc4 e5 11.Bg2 Nb6 12.Qe2 exd4 13.exd4+ Be7 14.O-O O-O 
15.Bf4 Re8 16.Rad1 Bd6 17.Be3 Bb4 18.Qc2 Nbd5 19.Bd2 Ba5 20.Qb3 Bb6 21.Bg5
Qd7 22.Bxf6 Nxf6 23.d5 cxd5 24.Nxd5 Nxd5 25.Bxd5 Rab8 26.Rd3 Re5 27.Rfd1 
Qe7 28.Kg2 Rf5 29.Bf3 Qc5 30.R1d2 Re8 31.Rc2 Qe7 32.Qa4 Ra5 33.Qb3 Rf5 34.
a3 Qe1 35.Rd1 Qe7 36.Qa4 Ra5 37.Qd7 Re5 38.Qxb7 Qxb7 39.Bxb7 Re2 40.Rdd2 
Rxd2 41.Rxd2 Re7 42.Ba6 g5 43.h3 g6 44.Bc4 Kg7 45.Rd5 Rc7 46.b3 Bc5 47.a4 
a5 48.Kf3 f5 49.g4 Kf6 50.gxf5 gxf5 51.Bd3 Ke6 52.Bc4 Kf6 53.h4 gxh4 54.
Kf4 Bb4 55.Rxf5+ Kg6 56.Kg4 Rc5 57.Bd5 h3 58.Rh5 Rc3 59.f3 Rc1 60.Rxh3 
Rg1+ 61.Kf4 Bd2+ 62.Ke5 Bc3+ 63.Ke6 Bd2 64.Rh2 Bb4 65.Rh8 Re1+ 66.Be4+ Kg5
67.Rg8+ Kf4 68.Rg4+ Ke3 69.Bd5 Rf1 70.Re4+ Kf2 71.f4 Rc1 72.f5 Rc8 73.Rxb4
axb4 74.f6 Ke3 75.f7 Kd4 76.Bc4 1-0

[Event "8th EUR-ch"]
[Site "Dresden GER"]
[Date "2007.04.12"]
[Round "9.158"]
[White "Alsina Leal, Daniel"]
[Black "Hartoch, Robert"]
[Result "1-0"]
[WhiteElo "2428"]
[BlackElo "2242"]
[EventDate "2007.04.03"]
[PlyCount "67"]

1.e4 d6 2.d4 Nf6 3.Nc3 g6 4.Be3 c6 5.h3 Bg7 6.f4 O-O 7.Nf3 b5 8.Bd3 Na6 9.
O-O Nb4 10.Be2 a5 11.a3 Na6 12.e5 Ne8 13.Bd3 b4 14.Ne2 Nec7 15.Qe1 f5 16.
Qh4 d5 17.Ng5 h6 18.Nf3 e6 19.Qf2 Bd7 20.Kh1 Kh7 21.Rg1 Qe7 22.g4 Rg8 23.
Rg2 bxa3 24.bxa3 Bh8 25.Nh4 Rg7 26.Ng1 Nb5 27.Bd2 a4 28.Ngf3 c5 29.dxc5 
Qxc5 30.Be3 Qe7 31.Rag1 Nc3 32.Nxg6 Rxg6 33.gxf5 Rxg2 34.Qxg2 1-0

[Event "8th EUR-ch"]
[Site "Dresden GER"]
[Date "2007.04.12"]
[Round "9.159"]
[White "Van Hoolandt, Patrick"]
[Black "Pirrot, Dieter"]
[Result "1/2-1/2"]
[WhiteElo "2205"]
[BlackElo "2420"]
[EventDate "2007.04.03"]
[PlyCount "118"]

1.d4 f5 2.c4 Nf6 3.g3 e6 4.Bg2 Be7 5.Nh3 d6 6.O-O O-O 7.Nc3 c6 8.Qc2 Na6 
9.Rb1 e5 10.b4 exd4 11.b5 Nc7 12.bxc6 bxc6 13.Nd1 Ne4 14.Bb2 c5 15.e3 Bf6 
16.f3 d5 17.cxd5 Nd6 18.Qxc5 Ba6 19.Bxd4 Bxd4 20.Qxd4 Bxf1 21.Bxf1 Rb8 22.
Rxb8 Qxb8 23.Nf4 Re8 24.Bd3 Qb6 25.Qxb6 axb6 26.h4 b5 27.Kf2 Ra8 28.Bb1 
Ra4 29.Nc3 Ra3 30.Nce2 b4 31.e4 fxe4 32.fxe4 Nc4 33.Bc2 Nb5 34.Bb3 Nd2 35.
Nc1 Nxe4+ 36.Ke3 Nc5 37.Ne6 Nxb3 38.axb3 Ra1 39.Nd3 Rg1 40.Kf2 Rb1 41.Nec5
Nd4 42.d6 Kf8 43.d7 Ke7 44.Nxb4 Rb2+ 45.Ke3 Nc2+ 46.Nxc2 Rxc2 47.Kd4 Rd2+ 
48.Kc4 h5 49.b4 Rd6 50.Kb5 Rg6 51.Kc4 Rg4+ 52.Kb5 Kd8 53.Kc6 Rg6+ 54.Kd5 
Rb6 55.Kc4 Kc7 56.Kd5 Rf6 57.b5 Rb6 58.Kc4 Rg6 59.Kd5 Rb6 1/2-1/2

[Event "8th EUR-ch"]
[Site "Dresden GER"]
[Date "2007.04.12"]
[Round "9.160"]
[White "Sondermann, Johannes"]
[Black "Zueger, Beat"]
[Result "0-1"]
[WhiteElo "2173"]
[BlackElo "2415"]
[EventDate "2007.04.03"]
[PlyCount "80"]

1.d4 Nf6 2.c4 c5 3.d5 b5 4.cxb5 a6 5.b6 e6 6.Nc3 Nxd5 7.Nxd5 exd5 8.Qxd5 
Nc6 9.Nf3 Rb8 10.Ne5 Qf6 11.Nxc6 dxc6 12.Qe4+ Be7 13.Bf4 Rxb6 14.Be5 Qe6 
15.Qf4 Rb4 16.Qg3 Bf6 17.Bxf6 Qxf6 18.Qe3+ Be6 19.Qxc5 Qxb2 20.Qxc6+ Bd7 
21.Qc1 Qe5 22.f3 O-O 23.Kf2 Rfb8 24.g4 h5 25.h3 Be6 26.e3 Rb2+ 27.Be2 
Rxe2+ 28.Kxe2 Rb2+ 29.Qxb2 Qxb2+ 30.Kd3 Bd7 31.Rhe1 Bb5+ 32.Ke4 Qb4+ 33.
Kf5 Bd7+ 34.Ke5 Qc5+ 35.Ke4 Qc4+ 36.Ke5 f6+ 37.Kd6 Qc6+ 38.Ke7 Qc7 39.Rad1
Bf5+ 40.Ke8 Bg6# 0-1

[Event "8th EUR-ch"]
[Site "Dresden GER"]
[Date "2007.04.12"]
[Round "9.161"]
[White "Wichmann, Cliff"]
[Black "Lochte, Thomas"]
[Result "1-0"]
[WhiteElo "2392"]
[BlackElo "2221"]
[EventDate "2007.04.03"]
[PlyCount "55"]

1.d4 Nf6 2.Nf3 g6 3.c4 c5 4.d5 b5 5.Qc2 Qa5+ 6.Nbd2 Na6 7.e4 Nb4 8.Qb1 
bxc4 9.Bxc4 Ba6 10.O-O Bg7 11.b3 Qc7 12.a3 Bxc4 13.Nxc4 Na6 14.d6 exd6 15.
Bf4 O-O 16.Bxd6 Qc6 17.Bxf8 Rxf8 18.e5 Nd5 19.Qd3 Nac7 20.Rad1 Qe6 21.Ne3 
Nxe3 22.Qxe3 Rb8 23.Qxc5 Na6 24.Qxa7 Rxb3 25.Rd6 Qg4 26.Qxa6 Bf8 27.h3 Qh5
28.Rd3 1-0

[Event "8th EUR-ch"]
[Site "Dresden GER"]
[Date "2007.04.12"]
[Round "9.162"]
[White "Sievers, Stefan"]
[Black "Kalvaitis, Sigitas"]
[Result "1/2-1/2"]
[WhiteElo "2377"]
[BlackElo "2216"]
[EventDate "2007.04.03"]
[PlyCount "29"]

1.Nf3 Nf6 2.c4 e6 3.g3 d5 4.Bg2 Be7 5.O-O O-O 6.Qc2 c5 7.d4 cxd4 8.Nxd4 
Nc6 9.Nxc6 bxc6 10.Nd2 Qb6 11.e4 Ba6 12.b3 Rfd8 13.h3 Rac8 14.Kh2 e5 15.
Bb2 1/2-1/2

[Event "8th EUR-ch"]
[Site "Dresden GER"]
[Date "2007.04.12"]
[Round "9.163"]
[White "Meinhardt, Maximilian"]
[Black "Lyell, Mark"]
[Result "1-0"]
[WhiteElo "2376"]
[BlackElo "2203"]
[EventDate "2007.04.03"]
[PlyCount "47"]

1.e4 e5 2.Nf3 Nc6 3.d4 exd4 4.Nxd4 Nf6 5.Nxc6 bxc6 6.e5 Qe7 7.Qe2 Nd5 8.c4
Ba6 9.b3 g6 10.f4 Bg7 11.Qf2 Nf6 12.Ba3 Qe6 13.Nd2 d6 14.Be2 dxe5 15.fxe5 
Nd7 16.O-O Nxe5 17.Ne4 Rd8 18.Ng5 Qf5 19.Qe3 Rd3 20.Bxd3 Qxd3 21.Qxa7 Nxc4
22.Qa8+ Qd8 23.Qxc6+ Qd7 24.Rae1+ 1-0

[Event "8th EUR-ch"]
[Site "Dresden GER"]
[Date "2007.04.12"]
[Round "9.164"]
[White "Kuehner, Christian"]
[Black "Bakalarz, Mieczyslaw"]
[Result "1-0"]
[WhiteElo "2135"]
[BlackElo "2373"]
[EventDate "2007.04.03"]
[PlyCount "147"]

1.c4 Nf6 2.Nc3 d5 3.cxd5 Nxd5 4.g3 Nb6 5.Bg2 g6 6.d3 Bg7 7.Nf3 N8d7 8.Bd2 
a5 9.Qc1 h6 10.Nb5 c6 11.Na3 e5 12.h4 Qe7 13.h5 g5 14.Bc3 O-O 15.Nd2 Na4 
16.Nac4 Nxc3 17.bxc3 f5 18.a4 e4 19.dxe4 f4 20.gxf4 gxf4 21.Bf3 Ne5 22.Qa3
Qf6 23.Rg1 Be6 24.Nxe5 Qxe5 25.Rc1 Rf7 26.Nb3 Rd8 27.Qc5 Kh7 28.Qxe5 Bxe5 
29.Nc5 Bc4 30.Bg4 Rd6 31.Bf5+ Kh8 32.Rg6 Rxg6 33.Bxg6 Re7 34.Nd3 Bd6 35.
Kd2 Bb3 36.Ra1 c5 37.e5 Bxe5 38.Nxc5 Bd5 39.Nd3 Bd6 40.Rg1 Bb3 41.Rg4 Bxa4
42.Nxf4 Bd7 43.Rh4 Kg7 44.Nd5 Re5 45.e4 Rg5 46.f4 Rg2+ 47.Kd3 a4 48.e5 Bb8
49.Rh1 Bb5+ 50.c4 Rg3+ 51.Kd4 Ba7+ 52.c5 Rg2 53.Rd1 a3 54.Nc3 a2 55.Nxb5 
Rd2+ 56.Rxd2 a1=Q+ 57.Kd5 Qa5 58.Re2 Qa1 59.Rd2 Qa5 60.Rb2 Qa1 61.Rb1 Qa2+
62.Kd6 Qa6+ 63.Ke7 Bxc5+ 64.Nd6 Bxd6+ 65.exd6 Qe2+ 66.Kd8 b5 67.Rc1 Qd2 
68.Rc7+ Kf6 69.Rf7+ Ke6 70.f5+ Ke5 71.d7 Qd5 72.Ke8 Qc6 73.Re7+ Kd4 74.Re6
1-0

[Event "8th EUR-ch"]
[Site "Dresden GER"]
[Date "2007.04.12"]
[Round "9.165"]
[White "Janda, Zdenek"]
[Black "Savickas, Airidas"]
[Result "0-1"]
[WhiteElo "2182"]
[BlackElo "2372"]
[EventDate "2007.04.03"]
[PlyCount "80"]

1.d4 Nf6 2.c4 g6 3.g3 Bg7 4.Bg2 O-O 5.Nc3 d6 6.Nf3 Nc6 7.O-O Bf5 8.e3 Ne4 
9.Nxe4 Bxe4 10.a3 d5 11.c5 a5 12.b3 e5 13.Nxe5 Nxe5 14.Bxe4 dxe4 15.dxe5 
Bxe5 16.Ra2 Qe7 17.Qd5 c6 18.Qc4 Rfd8 19.Rd2 Rxd2 20.Bxd2 Bc7 21.Bc3 Rd8 
22.b4 Rd5 23.Bd4 Be5 24.Bxe5 Qxe5 25.Rb1 h5 26.h4 Qe6 27.Qe2 Qd7 28.Qc2 
Qg4 29.Qb2 a4 30.Qf6 Qf3 31.Qxf3 exf3 32.Rb2 Rd3 33.b5 Rb3 34.bxc6 bxc6 
35.Rd2 Rxa3 36.Rd6 Ra1+ 37.Kh2 Rf1 38.Rxc6 Rxf2+ 39.Kh3 Rc2 40.Ra6 Rc1 0-1

[Event "8th EUR-ch"]
[Site "Dresden GER"]
[Date "2007.04.12"]
[Round "9.167"]
[White "Michalczak, Thomas"]
[Black "Kregelin, Jan"]
[Result "1/2-1/2"]
[WhiteElo "2325"]
[BlackElo "2181"]
[EventDate "2007.04.03"]
[PlyCount "83"]

1.e4 c6 2.d4 d5 3.exd5 cxd5 4.c4 Nf6 5.Nc3 Nc6 6.Bg5 Be6 7.Nf3 Ne4 8.Nxe4 
dxe4 9.d5 exf3 10.dxe6 Qa5+ 11.Bd2 Qe5+ 12.Be3 Qxe6 13.Qxf3 O-O-O 14.Be2 
g6 15.O-O Bg7 16.Rab1 Nd4 17.Bxd4 Rxd4 18.Bd3 f5 19.b4 Rhd8 20.Rfd1 Qd7 
21.Bc2 e5 22.Rxd4 Qxd4 23.Bb3 Qd3 24.Qxd3 Rxd3 25.c5 Rd8 26.h4 Kc7 27.h5 
gxh5 28.Be6 f4 29.Bf5 h6 30.a4 Rd4 31.f3 Bf8 32.Kh2 a5 33.bxa5 Bxc5 34.Rb5
Bd6 35.Be4 Rb4 36.Kh3 Rxb5 37.axb5 Bb4 38.a6 bxa6 39.bxa6 Kb6 40.Bb7 Be1 
41.Kh2 Bf2 42.Kh3 1/2-1/2

[Event "8th EUR-ch"]
[Site "Dresden GER"]
[Date "2007.04.12"]
[Round "9.168"]
[White "Dinger, Florian"]
[Black "Godoj, Veit"]
[Result "1-0"]
[WhiteElo "2317"]
[BlackElo "2113"]
[EventDate "2007.04.03"]
[PlyCount "35"]

1.e4 d5 2.exd5 Qxd5 3.Nc3 Qa5 4.d4 Nf6 5.Nf3 c6 6.Ne5 Be6 7.Bc4 Bxc4 8.
Nxc4 Qd8 9.Bg5 e6 10.Bxf6 gxf6 11.Qe2 Na6 12.O-O-O Nc7 13.Kb1 Nd5 14.Nxd5 
cxd5 15.Ne3 Be7 16.c4 dxc4 17.d5 O-O 18.d6 1-0

[Event "8th EUR-ch"]
[Site "Dresden GER"]
[Date "2007.04.12"]
[Round "9.169"]
[White "Becker, Michael"]
[Black "Kaphle, Sebastian"]
[Result "1-0"]
[WhiteElo "2313"]
[BlackElo "2010"]
[EventDate "2007.04.03"]
[PlyCount "109"]

1.e4 c5 2.Nf3 e6 3.d3 Nc6 4.g3 g6 5.Bg5 Qc7 6.Bg2 Bg7 7.c3 Nge7 8.O-O d5 
9.Na3 O-O 10.Re1 a6 11.Qd2 f6 12.Bh6 d4 13.cxd4 cxd4 14.Bxg7 Kxg7 15.e5 f5
16.Rac1 Rd8 17.Qg5 Ng8 18.Nc4 Rb8 19.h4 h6 20.Qd2 Qe7 21.Nb6 Bd7 22.Rc4 
Be8 23.a4 a5 24.Rec1 Kh8 25.Rc5 Qg7 26.R1c4 Nge7 27.b3 Kg8 28.Qf4 Nb4 29.
Rc7 Qf8 30.Nxd4 Bf7 31.Nd7 Ned5 32.Nxf8 Nxf4 33.Nd7 Nfd5 34.Nxb8 Nxc7 35.
Rxc7 Rxd4 36.Bf1 Rd5 37.Nd7 Kg7 38.Rxb7 g5 39.hxg5 hxg5 40.f4 gxf4 41.gxf4
Rd4 42.Nb6 Kf8 43.Nc4 Nc6 44.Rb6 Be8 45.Bg2 Nb4 46.Rxe6 Nxd3 47.Nxa5 Nxf4 
48.Rd6 Rb4 49.Bf1 Ng6 50.Rf6+ Kg7 51.Rxf5 Bxa4 52.bxa4 Rxa4 53.Nc4 Ra2 54.
Bd3 Ra7 55.Rg5 1-0

[Event "8th EUR-ch"]
[Site "Dresden GER"]
[Date "2007.04.12"]
[Round "9.171"]
[White "Bruned, Yvain"]
[Black "Siedentopf, Daniel"]
[Result "1/2-1/2"]
[WhiteElo "2339"]
[BlackElo "2178"]
[EventDate "2007.04.03"]
[PlyCount "120"]

1.e4 e6 2.d4 d5 3.Nd2 Nf6 4.e5 Nfd7 5.c3 c5 6.Bd3 Nc6 7.Ne2 cxd4 8.cxd4 f6
9.exf6 Nxf6 10.Nf3 Bd6 11.O-O Qc7 12.Nc3 a6 13.Bg5 O-O 14.Bh4 Nh5 15.Rc1 
g6 16.Be2 Qg7 17.Na4 h6 18.Nb6 Rb8 19.Rc3 g5 20.Bg3 Nxg3 21.hxg3 g4 22.Ne5
Bxe5 23.dxe5 Nxe5 24.Qc1 Bd7 25.Rc7 Rf7 26.Nxd7 Nxd7 27.Qe3 Qe5 28.Bxg4 
Qxc7 29.Bxe6 Kg7 30.Bxf7 Kxf7 31.Qxh6 Qe5 32.Qh7+ Ke6 33.Qh6+ Nf6 34.g4 
Rg8 35.f3 d4 36.Kf2 Kd7 37.Rd1 Rg5 38.Re1 Qf4 39.Kg1 d3 40.Qf8 Qd4+ 41.Kf1
Re5 42.Qf7+ Kc8 43.Rxe5 Qxe5 44.Qc4+ Qc7 45.Qxd3 Qc1+ 46.Kf2 Qxb2+ 47.Kg3 
Nd7 48.Qc4+ Kd8 49.g5 b5 50.Qg8+ Ke7 51.g6 Qf6 52.Qh7+ Ke6 53.g7 Qg5+ 54.
Kf2 Nf6 55.Qh8 Kf7 56.Qf8+ Ke6 57.Qc8+ Kf7 58.Qf8+ Ke6 59.Qc8+ Ke7 60.Qf8+
Ke6 1/2-1/2

[Event "8th EUR-ch"]
[Site "Dresden GER"]
[Date "2007.04.12"]
[Round "9.172"]
[White "Minescu, Dragos-Olivar"]
[Black "Rahls, Peter"]
[Result "1-0"]
[WhiteElo "2152"]
[BlackElo "2322"]
[EventDate "2007.04.03"]
[PlyCount "73"]

1.c4 e5 2.Nc3 Nf6 3.Nf3 Nc6 4.d4 e4 5.Ng5 Bb4 6.d5 Na5 7.e3 h6 8.Nh3 O-O 
9.Bd2 Qe7 10.a3 Bxc3 11.Bxc3 b6 12.Nf4 d6 13.b4 Nb7 14.h4 Nd8 15.Be2 Ne8 
16.g4 g6 17.Qd4 Kh7 18.O-O-O a5 19.b5 Nb7 20.Rh2 Nc5 21.Kc2 Nd3 22.Nxd3 
exd3+ 23.Bxd3 f5 24.h5 g5 25.f4 Nf6 26.gxf5 Bd7 27.Rg1 Rae8 28.fxg5 hxg5 
29.Rxg5 Qxe3 30.Qxe3 Rxe3 31.h6 Re7 32.Rg6 Re5 33.Bxe5 dxe5 34.Rg7+ Kh8 
35.Re7 e4 36.Bxe4 Bc8 37.Bd3 1-0

[Event "8th EUR-ch"]
[Site "Dresden GER"]
[Date "2007.04.12"]
[Round "9.173"]
[White "Huschenbeth, Niclas"]
[Black "Geske, Julian"]
[Result "1-0"]
[WhiteElo "2279"]
[BlackElo "2176"]
[EventDate "2007.04.03"]
[PlyCount "57"]

1.e4 d5 2.exd5 Qxd5 3.Nc3 Qa5 4.d4 Nf6 5.Nf3 Ne4 6.Bd3 Nxc3 7.bxc3 g6 8.
O-O Bg7 9.Re1 O-O 10.Rb1 e6 11.Bd2 c6 12.Ne5 Qxa2 13.c4 c5 14.Qf3 Qa4 15.
d5 Nd7 16.Ng4 exd5 17.Nh6+ Kh8 18.Nxf7+ Kg8 19.Nh6+ Kh8 20.Qxd5 Nf6 21.
Qxc5 b6 22.Qg5 Qc6 23.Re7 Be6 24.Re1 Bxc4 25.Bxg6 Qc5 26.Bf5 Ne8 27.Bc3 
Bf7 28.Nxf7+ Rxf7 29.Rxe8+ 1-0

[Event "8th EUR-ch"]
[Site "Dresden GER"]
[Date "2007.04.12"]
[Round "9.175"]
[White "Makoli, Perparim"]
[Black "Perlitz, Sven"]
[Result "0-1"]
[WhiteElo "2245"]
[BlackElo "2141"]
[EventDate "2007.04.03"]
[PlyCount "118"]

1.e4 c5 2.Nf3 Nc6 3.d4 cxd4 4.Nxd4 Nf6 5.Nc3 e5 6.Ndb5 d6 7.a4 a6 8.Na3 
Bg4 9.Be2 Bxe2 10.Qxe2 Nd4 11.Qd3 d5 12.O-O dxe4 13.Nxe4 Be7 14.Nc4 Qc7 
15.b3 Rd8 16.Nxf6+ Bxf6 17.Qe4 Qc6 18.Qxc6+ bxc6 19.Ra2 Ne2+ 20.Kh1 Nc3 
21.Ra1 e4 22.Ba3 Rd5 23.Rae1 Kd8 24.Nd6 Kc7 25.Nxe4 Nxe4 26.Rxe4 Rd2 27.
Rc4 Re8 28.Bc5 Ree2 29.Rb4 Rxc2 30.Bb6+ Kc8 31.Be3 a5 32.Rb6 Bd8 33.Ra6 
Rxe3 34.Ra8+ Kb7 35.Rxd8 Rxf2 36.Kg1 Rxf1+ 37.Kxf1 Rxb3 38.Rd7+ Ka6 39.
Rxf7 Rb7 40.Rf8 Kb6 41.Ra8 Ra7 42.Rb8+ Kc5 43.Ke2 Rd7 44.Ke3 h6 45.h3 g6 
46.g3 Rd6 47.Rb7 Rf6 48.Ke4 Re6+ 49.Kf4 Rd6 50.Ke3 g5 51.Rb8 Rd4 52.Rh8 
Rxa4 53.Rxh6 Ra3+ 54.Kf2 Rd3 55.h4 gxh4 56.Rxh4 Rd4 57.Rh8 a4 58.Ra8 Kb4 
59.Kf3 a3 0-1

[Event "8th EUR-ch"]
[Site "Dresden GER"]
[Date "2007.04.12"]
[Round "9.176"]
[White "Kues, Hendrik"]
[Black "Boettger, Lukas"]
[Result "1-0"]
[WhiteElo "2243"]
[BlackElo "2108"]
[EventDate "2007.04.03"]
[PlyCount "65"]

1.c4 b6 2.Nc3 Bb7 3.e4 e6 4.g3 c5 5.Bg2 Nc6 6.Nge2 g6 7.d4 d6 8.d5 exd5 9.
Nxd5 Bg7 10.Nec3 Nh6 11.Bf4 O-O 12.O-O f6 13.Nb5 g5 14.Be3 Rc8 15.Bh3 a6 
16.Nbc3 Ne5 17.Qe2 g4 18.Bxh6 Nf3+ 19.Kh1 Bxh6 20.Bxg4 Nd4 21.Qd1 b5 22.b3
f5 23.Bh3 Bg7 24.Rc1 b4 25.Ne2 fxe4 26.Ndf4 Rxf4 27.Nxf4 e3+ 28.Bg2 Bxg2+ 
29.Kxg2 Qe8 30.fxe3 Qe4+ 31.Kh3 Qxe3 32.Qg4 Rc7 33.Rce1 1-0